000
00254nam a2200109Ia 4500
008
200302s9999 xx 000 0 und d
100
_a
William Hall and Dan Cruickshank
245
_a
Brick
260
_b
Phaidon Press Ltd.
260
_c
2015
300
_a
217
999
_c
3698
_d
3698